Základní formy strachu : typy lidské osobnosti, jejich vznik, charakteristiky a formy vztahů /

Hlavní autor: Riemann, Fritz, 1902-1979
Jazyk: Čeština
Vydáno: Praha : Portál, 1999
Vydání: Vyd. 1.
Edice: Spektrum (Portál)
Témata:
Externí odkaz: Digitalizovaný dokument
Fyzický popis: 199 s. ; 21 cm
Knihy
Uloženo v:
LEADER 01528nam a2200409 a 4500
001 000448491
003 CZ BrMZK
005 20210105153301.0
007 ta
008 010907s1999 xr e 0 cze d
015 |a cnb000740493 
020 |a 80-7178-313-7 
035 |a (OCoLC)84979204 
040 |a BOA001  |b cze 
072 7 |a 159.9  |x Psychologie  |2 Konspekt  |9 17 
080 |a 159.97  |2 MRF 
080 |a 159.942  |2 MRF 
080 |a 159.923  |2 MRF 
080 |a (048.8)  |2 MRF 
100 1 |a Riemann, Fritz,  |d 1902-1979  |7 nlk19990075394  |4 aut 
245 1 0 |a Základní formy strachu :  |b typy lidské osobnosti, jejich vznik, charakteristiky a formy vztahů /  |c Fritz Riemann 
250 |a Vyd. 1. 
260 |a Praha :  |b Portál,  |c 1999 
300 |a 199 s. ;  |c 21 cm 
490 1 |a Spektrum ;  |v 10 
500 |a Dostupné též v digitální podobě v aplikaci Kramerius 
650 0 7 |a psychopatologie  |7 ph124819  |2 czenas 
650 0 7 |a strach  |7 ph117268  |2 czenas 
650 0 7 |a typologie osobnosti  |7 ph116512  |2 czenas 
655 7 |a studie  |7 fd133597  |2 czenas 
765 0 |t Grundformen der Angst  |9 Česky 
830 0 |a Spektrum (Portál)  |0 s 
856 4 1 |u http://www.digitalniknihovna.cz/mzk/uuid/uuid:b37eaba0-ff5e-11e5-845a-005056827e51  |y Digitalizovaný dokument  |x NDK 
910 |a BOA001  |b 2-1066.105 
990 |a BK 
996 6 |b 2610260153  |c 2-1066.105  |l MZK  |r Sklad / do 1 hodiny  |n 46  |p kup  |w 000448491  |u 000020  |a 1  |e BOA001  |j MZK50  |s P 
996 7 |b 2610540505  |c 2-1066.105  |l MZK  |r Sklad / do 1 hodiny  |n 24  |p dar  |w 000448491  |u 000030  |a 1  |e BOA001  |j MZK50  |s A